000 01039nam0a22002531 4500
001 rc\3037694
005 20250806201838.0
035 _a(NLR Aleph) 007178159
090 _a21011
_c21011
100 _a20111004d1945 u y0rusy50 ca
101 0 _arus
102 _aRU
105 _aa z |||||
200 1 _aПрименение производственного снопа на льнозаводах и в колхозах
_e(Опыт Центр. лаборатории Ленингр. льнотреста)
_fВ.А. Троицкий
210 _aМосква
_aЛенинград
_cГизлегпром
_d1945
_gтип. № 10 Упр. изд-в и полиграфии Исполкома Ленгорсовета
215 _a66 с., включ. 2 с. обл.
_cил.
_d22 см
700 1 _aТроицкий
_bВ.А.
801 0 _aRU
_bNLR
_gpsbo
801 1 _aRU
_bELAR
_2rusmarc
852 _aNLR
_jТ56 Г-6/49
942 _cBOOK
945 _aРоссийская национальная библиотека
980 _aNB
980 _aBV